<?xml version="1.0" encoding="UTF-8"?>
<record
    xmlns:xsi="http://www.w3.org/2001/XMLSchema-instance"
    xsi:schemaLocation="http://www.loc.gov/MARC21/slim http://www.loc.gov/standards/marcxml/schema/MARC21slim.xsd"
    xmlns="http://www.loc.gov/MARC21/slim">

  <leader>00990nam a22002177a 4500</leader>
  <controlfield tag="003">OSt</controlfield>
  <controlfield tag="005">20260303144845.0</controlfield>
  <controlfield tag="008">260303b        |||||||| |||| 00| 0 eng d</controlfield>
  <datafield tag="020" ind1=" " ind2=" ">
    <subfield code="a">9781718501249</subfield>
  </datafield>
  <datafield tag="040" ind1=" " ind2=" ">
    <subfield code="c">SoET Library</subfield>
  </datafield>
  <datafield tag="082" ind1=" " ind2=" ">
    <subfield code="a">005.133 SWE</subfield>
  </datafield>
  <datafield tag="100" ind1=" " ind2=" ">
    <subfield code="a">Sweigart, Al</subfield>
    <subfield code="9">3041</subfield>
  </datafield>
  <datafield tag="245" ind1=" " ind2=" ">
    <subfield code="a">Big Book of Small Python Projects: 81 Easy Practice Programs</subfield>
  </datafield>
  <datafield tag="260" ind1=" " ind2=" ">
    <subfield code="a">San Francisco :</subfield>
    <subfield code="b">No Starch Press,</subfield>
    <subfield code="c">2021</subfield>
  </datafield>
  <datafield tag="300" ind1=" " ind2=" ">
    <subfield code="a">xxvi, 403p. : ill </subfield>
  </datafield>
  <datafield tag="520" ind1=" " ind2=" ">
    <subfield code="a">practice re-creating the programs and experiment by adding your own custom touches.

These simple, text-based programs are 256 lines of code or less. And whether it&#x2019;s a vintage screensaver, a snail-racing game, a clickbait headline generator, or animated strands of DNA, each project is designed to be self-contained so you can easily share it online.
</subfield>
  </datafield>
  <datafield tag="650" ind1=" " ind2=" ">
    <subfield code="a">Python (Computer program language)</subfield>
    <subfield code="9">97</subfield>
  </datafield>
  <datafield tag="650" ind1=" " ind2=" ">
    <subfield code="a">Computer programming</subfield>
    <subfield code="9">2221</subfield>
  </datafield>
  <datafield tag="650" ind1=" " ind2=" ">
    <subfield code="a">Computer games - Programming</subfield>
    <subfield code="9">3042</subfield>
  </datafield>
  <datafield tag="942" ind1=" " ind2=" ">
    <subfield code="2">ddc</subfield>
    <subfield code="c">BK</subfield>
  </datafield>
  <datafield tag="952" ind1=" " ind2=" ">
    <subfield code="0">0</subfield>
    <subfield code="1">0</subfield>
    <subfield code="2">ddc</subfield>
    <subfield code="4">0</subfield>
    <subfield code="7">0</subfield>
    <subfield code="a">CMRU</subfield>
    <subfield code="b">CMRU</subfield>
    <subfield code="d">2026-03-03</subfield>
    <subfield code="e">Educational Supplies</subfield>
    <subfield code="g">4594.00</subfield>
    <subfield code="l">0</subfield>
    <subfield code="o">005.133 SWE</subfield>
    <subfield code="p">008801</subfield>
    <subfield code="r">2026-03-03 14:51:18</subfield>
    <subfield code="t">1</subfield>
    <subfield code="w">2026-03-03</subfield>
    <subfield code="y">REF</subfield>
    <subfield code="B">27-02-2026</subfield>
    <subfield code="R"></subfield>
    <subfield code="A">61902, 27-02-2026</subfield>
    <subfield code="D"></subfield>
    <subfield code="U"></subfield>
  </datafield>
  <datafield tag="952" ind1=" " ind2=" ">
    <subfield code="0">0</subfield>
    <subfield code="1">0</subfield>
    <subfield code="2">ddc</subfield>
    <subfield code="4">0</subfield>
    <subfield code="7">0</subfield>
    <subfield code="a">CMRU</subfield>
    <subfield code="b">CMRU</subfield>
    <subfield code="d">2026-03-03</subfield>
    <subfield code="e">Educational Supplies</subfield>
    <subfield code="g">4594.00</subfield>
    <subfield code="l">0</subfield>
    <subfield code="o">005.133 SWE</subfield>
    <subfield code="p">008802</subfield>
    <subfield code="r">2026-03-03 14:51:18</subfield>
    <subfield code="t">2</subfield>
    <subfield code="w">2026-03-03</subfield>
    <subfield code="y">BK</subfield>
    <subfield code="B">27-02-2026</subfield>
    <subfield code="R"></subfield>
    <subfield code="A">61902, 27-02-2026</subfield>
    <subfield code="D"></subfield>
    <subfield code="U"></subfield>
  </datafield>
  <datafield tag="952" ind1=" " ind2=" ">
    <subfield code="0">0</subfield>
    <subfield code="1">0</subfield>
    <subfield code="2">ddc</subfield>
    <subfield code="4">0</subfield>
    <subfield code="7">0</subfield>
    <subfield code="a">CMRU</subfield>
    <subfield code="b">CMRU</subfield>
    <subfield code="d">2026-03-03</subfield>
    <subfield code="e">Educational Supplies</subfield>
    <subfield code="g">4594.00</subfield>
    <subfield code="l">0</subfield>
    <subfield code="o">005.133 SWE</subfield>
    <subfield code="p">008803</subfield>
    <subfield code="r">2026-03-03 14:51:18</subfield>
    <subfield code="t">3</subfield>
    <subfield code="w">2026-03-03</subfield>
    <subfield code="y">BK</subfield>
    <subfield code="B">27-02-2026</subfield>
    <subfield code="R"></subfield>
    <subfield code="A">61902, 27-02-2026</subfield>
    <subfield code="D"></subfield>
    <subfield code="U"></subfield>
  </datafield>
  <datafield tag="952" ind1=" " ind2=" ">
    <subfield code="0">0</subfield>
    <subfield code="1">0</subfield>
    <subfield code="2">ddc</subfield>
    <subfield code="4">0</subfield>
    <subfield code="7">0</subfield>
    <subfield code="a">CMRU</subfield>
    <subfield code="b">CMRU</subfield>
    <subfield code="d">2026-03-03</subfield>
    <subfield code="e">Educational Supplies</subfield>
    <subfield code="g">4594.00</subfield>
    <subfield code="l">0</subfield>
    <subfield code="o">005.133 SWE</subfield>
    <subfield code="p">008804</subfield>
    <subfield code="r">2026-03-03 14:51:18</subfield>
    <subfield code="t">4</subfield>
    <subfield code="w">2026-03-03</subfield>
    <subfield code="y">BK</subfield>
    <subfield code="B">27-02-2026</subfield>
    <subfield code="R"></subfield>
    <subfield code="A">61902, 27-02-2026</subfield>
    <subfield code="D"></subfield>
    <subfield code="U"></subfield>
  </datafield>
  <datafield tag="952" ind1=" " ind2=" ">
    <subfield code="0">0</subfield>
    <subfield code="1">0</subfield>
    <subfield code="2">ddc</subfield>
    <subfield code="4">0</subfield>
    <subfield code="7">0</subfield>
    <subfield code="a">CMRU</subfield>
    <subfield code="b">CMRU</subfield>
    <subfield code="d">2026-03-03</subfield>
    <subfield code="e">Educational Supplies</subfield>
    <subfield code="g">4594.00</subfield>
    <subfield code="l">0</subfield>
    <subfield code="o">005.133 SWE</subfield>
    <subfield code="p">008805</subfield>
    <subfield code="r">2026-03-03 14:51:18</subfield>
    <subfield code="t">5</subfield>
    <subfield code="w">2026-03-03</subfield>
    <subfield code="y">BK</subfield>
    <subfield code="B">27-02-2026</subfield>
    <subfield code="R"></subfield>
    <subfield code="A">61902, 27-02-2026</subfield>
    <subfield code="D"></subfield>
    <subfield code="U"></subfield>
  </datafield>
  <datafield tag="999" ind1=" " ind2=" ">
    <subfield code="c">10161</subfield>
    <subfield code="d">10161</subfield>
  </datafield>
</record>
